000 00661nam a2200217Ii 4500
003 JO-AjNU
008 230606s9999||||xx |||||||||||||| ||und||
020 _a978-0-19-432754-1
040 _aJO-AjNU
_beng
_erda
_cJO-AjNU
041 _aeng
050 1 4 _aPE1128.Y84 2006
100 3 _aتأليف Yule,George,
_eauthor
_92046
245 0 0 _aOxford Practice Grammar With Answers:Advanced
250 _a1 ed
264 3 1 _aNew York:Oxford University Press,2006
300 _a280p
336 _atext
_btxt
_2rdacontent
337 _aunmediated
_bn
_2rdamedia
338 _avolume
_bnc
_2rdacarrier
650 4 _aOxford Practice Grammar With Answers-Grammar
_92047
999 _aE1075
_c1075
_d1075